000 00616nam a2200229Ia 4500
003 OSt
005 20220918203124.0
006 a|||||r|||| 00| 0
007 ta
008 220917b |||||||| |||| 00| 0 eng d
024 _a106,199
037 _cTextual
040 _aARTS
_cARTS
_beng
041 _2eng
_aeng
082 _aV3:4:M02, K5
100 _aWestern J R
_9106945
245 0 _aEnglish militia in the eighteenth century
_b teh stidy if a political issue 1660-1802
260 _c1965
650 _aHISTORY
942 _hV3:4:M02, K5
_cTEXL
_2CC
999 _c229557
_d229557